006240000a220009700045001000035000002450061000353000032000965200369001286500013004977730016005101 aAristizábal Gallo, Álvaro.10aDerecho de alimentos frente a la libertad y la igualdad. ano.29 (feb.,2010), p. 77-82 aMediante el presente texto se hace una reflexión sobre el alcance del derecho de alimentos en la jurisprudencia sobre la materia en Colombia. Dicha reflexión gira en torno a su análisis desde la perspectiva de los conceptos de libertad e igualdad y se aborda igualmente desde otras dos perspectivas opuestas: la de los ascendientes y la de los descendientes.14aIGUALDAD0 tRevista UCO